Normal view
MARC view
- VonStorch, William R
Entry Personal Name
001 - CONTROL NUMBER
- control field: 106626
003 - CONTROL NUMBER IDENTIFIER
- control field: NUST
005 - DATE AND TIME OF LATEST TRANSACTION
- control field: 20230102131342.0
008 - FIXED-LENGTH DATA ELEMENTS
- fixed length control field: 230102|| aca||aabn | a|a d
040 ## - CATALOGING SOURCE
- Original cataloging agency: NUST
- Transcribing agency: NUST
100 ## - HEADING--PERSONAL NAME
- Personal name: VonStorch, William R
670 ## - SOURCE DATA FOUND
- Source citation: Work cat.: (NUST)184185: Icove, David J., 106624, Computer crime :, 1995.
